Teórie vývoja plodnosti
Pôrodnosť a plodnosť ako základná zložka reprodukcie obyvateľstva. Stručná charakteristika demografickej revolúcie. Kvalitatívne zmeny reprodukčného správania obyvateľstva. Prvé staroveké populačné teórie. Prehľad ekonomických populačných teórií. Biologické teórie. Sociálne, urbanizačné a matematick...
Saved in:
| Main Author: | |
|---|---|
| Format: | Book Chapter |
| Language: | Slovak |
| Subjects: | |
| Tags: |
No Tags, Be the first to tag this record!
|
MARC
| LEADER | 00000naa$a2200000$$$4500 | ||
|---|---|---|---|
| 001 | 0014234 | ||
| 005 | 20231107113023.2 | ||
| 041 | 0 | |a slo | |
| 044 | |a SK | ||
| 245 | 1 | 0 | |a Teórie vývoja plodnosti |c aut. Martina Lukáčová |
| 520 | |a Pôrodnosť a plodnosť ako základná zložka reprodukcie obyvateľstva. Stručná charakteristika demografickej revolúcie. Kvalitatívne zmeny reprodukčného správania obyvateľstva. Prvé staroveké populačné teórie. Prehľad ekonomických populačných teórií. Biologické teórie. Sociálne, urbanizačné a matematické teórie. Teória demografickej revolúcie. Teória demografického prechodu. Teória veľmi nízkej plodnosti. | ||
| 610 | 2 | 0 | |a demografia |
| 610 | 2 | 0 | |a populácia |
| 610 | 2 | 0 | |a reprodukcia obyvateľstva |
| 610 | 2 | 0 | |a pôrodnosť |
| 610 | 2 | 0 | |a vývoj populačný |
| 610 | 2 | 0 | |a prírastok obyvateľstva |
| 610 | 2 | 0 | |a teórie ekonomické |
| 610 | 2 | 0 | |a teória sociálna |
| 610 | 2 | 0 | |a úmrtnosť |
| 100 | 1 | |a Lukáčová, Martina | |